| 000 | 00417nam a22001337a 4500 | ||
|---|---|---|---|
| 005 | 20141126125531.0 | ||
| 008 | 141126b xxu||||| |||| 00| 0 eng d | ||
| 050 |
_aJC330.15 _bR585 2001 |
||
| 100 |
_aRiordan, Patrick _912872 |
||
| 245 |
_aPhilosophical perspectives on people power _cRiordan, Patrick |
||
| 260 |
_aNaga City _bAteneo de Naga university _c2001 |
||
| 300 |
_aix, 93p.; _c23cm. |
||
| 942 |
_2lcc _cMONOGRAPH |
||
| 999 |
_c121319 _d121319 |
||